The oil and gas resources of the Ava-Campbell Hill area, (Record no. 26645)

MARC details
000 -LEADER
fixed length control field 00969cam a22002531 4500
001 - CONTROL NUMBER
control field gs 28000208
003 - CONTROL NUMBER IDENTIFIER
control field DLC
005 - DATE AND TIME OF LATEST TRANSACTION
control field 20260227111332.0
008 - FIXED-LENGTH DATA ELEMENTS--GENERAL INFORMATION
fixed length control field 790607s1928 ilua s000 0 eng
010 ## - LIBRARY OF CONGRESS CONTROL NUMBER
LC control number gs 28000208
035 ## - SYSTEM CONTROL NUMBER
System control number (OCoLC)5045398
040 ## - CATALOGING SOURCE
Original cataloging agency DLC
Transcribing agency TxCM
Modifying agency DLC
042 ## - AUTHENTICATION CODE
Authentication code premarc
050 00 - LIBRARY OF CONGRESS CALL NUMBER
Classification number TN872.I3
Item number R6
100 1# - MAIN ENTRY--PERSONAL NAME
Personal name Root, Towner Bowditch,
Dates associated with a name 1899-
245 14 - TITLE STATEMENT
Title The oil and gas resources of the Ava-Campbell Hill area,
Statement of responsibility, etc. by Towner B. Root.
260 ## - PUBLICATION, DISTRIBUTION, ETC.
Place of publication, distribution, etc. Urbana, Ill.,
Name of publisher, distributor, etc. Printed by authority of the state of Illinois,
Date of publication, distribution, etc. 1928.
300 ## - PHYSICAL DESCRIPTION
Extent 27 p.
Other physical details illus.
410 20 - SERIES STATEMENT/ADDED ENTRY--CORPORATE NAME [OBSOLETE, CAN/MARC], [LOCAL, USA]
Corporate name or jurisdiction name as entry element Illinois State Geological Survey
Title of a work Report of Investigations
Volume number/sequential designation no. 16
500 ## - GENERAL NOTE
General note At head of title: State of Illinois. Department of Registration and Education. Division of the State Geological Survey.
650 #0 - SUBJECT ADDED ENTRY--TOPICAL TERM
Topical term or geographic name entry element Petroleum
Geographic subdivision Illinois, Southwestern.
650 #0 - SUBJECT ADDED ENTRY--TOPICAL TERM
Topical term or geographic name entry element Natural gas
Geographic subdivision Illinois, Southwestern.
740 0# - ADDED ENTRY--UNCONTROLLED RELATED/ANALYTICAL TITLE
Uncontrolled related/analytical title Ava-Campbell Hill area, Oil and gas resources of the.

No items available.

Powered by Koha